Sports Quiz

Random Sports or Football Quiz

League One Leading Goal Scorers 10/11 Quiz Stats

Quiz not verified by Sporcle

Challenge
Share
Tweet
Embed
Score 0/40 Timer 08:00
0 Plays Today
Club Player % Correct
Peterborough Craig Mackail-Smith
75%
Southampton Richard Lambert
75%
Huddersfield Jordan Rhodes
68.8%
Charlton Bradley Wright-Phillips
56.3%
Brighton Glenn Murray
50%
Rochdale Gary Jones
50%
Peterborough Aaron Mclean
50%
Notts County Lee Hughes
43.8%
Peterborough George Boyd
37.5%
Yeovil Town Dean Bowditch
37.5%
Charlton Johnnie Jackson
37.5%
Sheffield Wed Gary Madine
37.5%
MK Dons Sam Baldock
37.5%
Swindon Town Charlie Austin
37.5%
Bristol Rovers Jeff Hughes
37.5%
Brighton Ashley Barnes
31.3%
Bristol Rovers Will Hoskins
31.3%
Exeter City Jamie Cureton
31.3%
Sheffield Wed Neil Mellor
31.3%
Notts County Craig Westcarr
31.3%
Club Player % Correct
Dagenham & R Danny Green
31.3%
Southampton Lee Barnard
25%
Leyton Orient Dean Cox
25%
Dagenham & R Jon Nurse
25%
Leyton Orient Alex Revell
18.8%
Bournemouth Marc Pugh
18.8%
Dagenham & R Romain Vincelot
18.8%
Oldham Chris Taylor
18.8%
Charlton Paul Benson
18.8%
Leyton Orient Scott McGleish
12.5%
Tranmere Enoch Showunmi
12.5%
Colchester Ian Henderson
12.5%
Exeter City Daniel Nardiello
12.5%
Exeter City Ryan Harley
12.5%
Carlisle James Berrett
6.3%
Huddersfield Anthony Pilkington
6.3%
Exeter City Richard Logan
0%
Colchester Steven Gillespie
0%
Rochdale Craig Dawson
0%
WalsallJulian Gray
0%

You're not logged in!

Compare scores with friends on all Sporcle quizzes.
Join for Free
OR
Log In

You Might Also Like...

Show Comments

Extras

Top Quizzes Today


Score Distribution

Your Account Isn't Verified!

In order to create a playlist on Sporcle, you need to verify the email address you used during registration. Go to your Sporcle Settings to finish the process.

Report this User

Report this user for behavior that violates our Community Guidelines.

Details: